00419 2200169 4500245004600000020002200046250001100068100001300079700002000092650001400112005001900126260004500145041001400190084001000204300002600214336000900240 aKekuatan Berpikir PositifcM. RezkyhText a978-602-7501-07-2 aCet. 1 aM. Rezky aRizky Handayani aPemikiran a20230220132656 aBekasibCV Tidar Mediaseni Graphicc2012 aIndonesia a153.4 avi, 94 hlm. :c25 cm. atext